书目信息 |
| 题名: |
世界古代史上阶级斗争和路线斗争的几个问题
|
|
| 作者: | ;北京广播器材厂工人理论组 , 北京大学历史系世界史专业73级工农兵学员 编写 | |
| 分册: | ||
| 出版信息: | 北京 人民出版社 1975 |
|
| 页数: | 128页 | |
| 开本: | 19cm | |
| 丛书名: | 《学点历史》丛书 | |
| 单 册: | ||
| 中图分类: | K12 | |
| 科图分类: | ||
| 主题词: | 世界史:古代史-阶级斗争 , 古代史:世界史-阶级斗争 , 阶级斗争-世界史:古代史 | |
| 电子资源: | ||
| ISBN: | ||
| 000 | 01078nam2 2200277 45 | |
| 001 | 0175003458 | |
| 005 | 20060817093515.62 | |
| 100 | @a19951016d1975 em y0chiy0121 ea | |
| 101 | 0 | @achi |
| 102 | @aCN@b110000 | |
| 105 | @ay z 000yy | |
| 200 | 10 | @a世界古代史上阶级斗争和路线斗争的几个问题@Ashi jie gu dai shi shang jie ji dou zheng he lu xian dou zheng de ji ge wen ti@f北京广播器材厂工人理论组,北京大学历史系世界史专业73级工农兵学员编写 |
| 210 | @a北京@c人民出版社@d1975 | |
| 215 | @a128页@d19cm | |
| 225 | 2 | @a《学点历史》丛书 |
| 410 | 0 | @120010@a《学点历史》丛书 |
| 517 | 1 | @a学点历史丛书@Axue dian li shi cong shu |
| 606 | @a世界史:古代史-阶级斗争 | |
| 606 | @a古代史:世界史-阶级斗争 | |
| 606 | @a阶级斗争-世界史:古代史 | |
| 690 | @aK12@v3 | |
| 711 | 02 | @a北京广播器材厂工人理论组@Abei jing guang bo qi cai chang gong ren li lun zu@4编写 |
| 711 | 02 | @a北京大学历史系世界史专业73级工农兵学员@Abei jing da xue li shi xi shi jie shi zhuan ye 73 ji gong nong bing xue yuan@4编写 |
| 801 | 2 | @aCN@bNLC@c20060817 |
| 801 | 0 | @aCN@bTSSF |
| 905 | @a10447@dK12@e141 | |
| 世界古代史上阶级斗争和路线斗争的几个问题/北京广播器材厂工人理论组,北京大学历史系世界史专业73级工农兵学员编写.-北京:人民出版社,1975 |
| 128页;19cm.-(《学点历史》丛书) |
| ISBN : |
| ● |
| 相关链接 |
|
|
|
|
正题名:世界古代史上阶级斗争和路线斗争的几个问题
索取号:K12/141
 
预约/预借
| 序号 | 登录号 | 条形码 | 馆藏地/架位号 | 状态 | 备注 |
| 1 | 0466115 | 204661151 | 密集书库/ [索取号:K12/141] | 在馆 |